[Event "Biel ATO op 54th"]
[Site "Biel"]
[Date "2021.07.31"]
[Round "4"]
[White "Jenny, Gerald"]
[Black "Saif, Ahmed"]
[Result "0-1"]
[WhiteElo "1729"]
[BlackElo "1839"]
[PlyCount "42"]
[EventDate "2021.07.26"]
[EventType "swiss"]
[EventRounds "9"]
[EventCountry "SUI"]
[SourceTitle "EXT 2022"]
[Source "ChessBase"]
[SourceDate "2021.10.06"]
[SourceVersion "1"]
[SourceVersionDate "2021.10.06"]
[SourceQuality "1"]

1. d4 Nf6 2. c4 c5 3. d5 e6 4. Nc3 exd5 5. cxd5 d6 6. e4 g6 7. Be2 Bg7 8. Nf3 0-0 9. 0-0 Re8 10. Nd2 Na6 11. f4 Nc7 12. a4 Na6 13. Ra3 Nb4 14. Bf3 b6 15. Na2 Ba6 16. Re1 Nd3 17. Be2 Nxe1 18. Bxa6 Nxe4 19. Nxe4 Rxe4 20. Be2 Qe7 21. Kf1 Nxg2 0-1

[Event "Biel ATO op 54th"]
[Site "Biel"]
[Date "2021.07.28"]
[Round "3"]
[White "Lada, Ireneusz"]
[Black "Jenny, Gerald"]
[Result "1/2-1/2"]
[WhiteElo "1912"]
[BlackElo "1729"]
[PlyCount "38"]
[EventDate "2021.07.26"]
[EventType "swiss"]
[EventRounds "9"]
[EventCountry "SUI"]
[SourceTitle "EXT 2022"]
[Source "ChessBase"]
[SourceDate "2021.10.06"]
[SourceVersion "1"]
[SourceVersionDate "2021.10.06"]
[SourceQuality "1"]

1. c4 e6 2. Nf3 d5 3. g3 c5 4. Bg2 Nc6 5. cxd5 exd5 6. d4 Nf6 7. 0-0 Be7 8. dxc5 Bxc5 9. Bg5 0-0 10. Nc3 d4 11. Bxf6 Qxf6 12. Ne4 Qe7 13. Nxc5 Qxc5 14. Rc1 Qb6 15. Qd2 Bg4 16. Rfd1 Rad8 17. h3 Bxf3 18. Bxf3 Rd6 19. Bg2 Rfd8 1/2-1/2

[Event "Sitges Sunway op-B 5th"]
[Site "Sitges"]
[Date "2018.12.14"]
[Round "1"]
[White "Stroup, James Howard"]
[Black "Jenny, Gerald"]
[Result "1/2-1/2"]
[WhiteElo "1394"]
[BlackElo "1807"]
[PlyCount "62"]
[EventDate "2018.12.14"]
[EventType "swiss"]
[EventRounds "10"]
[EventCountry "ESP"]
[SourceTitle "CBM 187 Extra"]
[Source "ChessBase"]
[SourceDate "2018.11.04"]
[SourceVersion "1"]
[SourceVersionDate "2018.11.04"]
[SourceQuality "1"]

1. d4 d5 2. Nf3 e6 3. Bf4 c5 4. e3 Nf6 5. c3 a6 6. Bd3 Bd6 7. Bg3 0-0 8. Nbd2 Nc6 9. Qc2 g6 10. Ne5 Nh5 11. 0-0-0 f5 12. Ndf3 c4 13. Be2 Na5 14. Bh4 Be7 15. Bxe7 Qxe7 16. h4 Nf6 17. Rh2 Ng4 18. Nxg4 fxg4 19. Ne5 Rxf2 20. Nxg4 Rf8 21. Ne5 Nc6 22. g4 Nxe5 23. dxe5 Qg7 24. Qd2 Qxe5 25. Rdh1 Bd7 26. Qd4 Qxd4 27. exd4 Rf4 28. Rf1 Raf8 29. Rxf4 Rxf4 30. Kd2 Kg7 31. g5 b6 1/2-1/2

[Event "Dresden ZMD op-B 21st"]
[Site "Dresden"]
[Date "2012.08.22"]
[Round "5"]
[White "Bodner, Alfred"]
[Black "Jenny, Gerald"]
[Result "0-1"]
[WhiteElo "1797"]
[BlackElo "1818"]
[PlyCount "54"]
[EventDate "2012.08.18"]
[EventType "swiss"]
[EventRounds "9"]
[EventCountry "GER"]
[SourceTitle "CBM 150 Extra"]
[Source "ChessBase"]
[SourceDate "2012.10.19"]
[SourceVersion "1"]
[SourceVersionDate "2012.10.19"]
[SourceQuality "1"]

1. Nf3 d5 2. d4 c5 3. Nc3 e6 4. e3 Nf6 5. dxc5 Bxc5 6. Be2 a6 7. 0-0 0-0 8. Na4 Ba7 9. b3 b5 10. Nb2 Ne4 11. Qe1 Qf6 12. Nd2 Nc3 13. Bd3 Nd7 14. Nb1 Nxb1 15. Rxb1 Nc5 16. b4 Ne4 17. Bxe4 dxe4 18. c4 Bb8 19. c5 Bc7 20. Nd1 Qh6 21. g3 e5 22. Qe2 Be6 23. Re1 f6 24. Nc3 Bc4 25. Qb2 Rad8 26. Rd1 Rxd1+ 27. Nxd1 Qh3 0-1

[Event "Dresden ZMD op-B 21st"]
[Site "Dresden"]
[Date "2012.08.18"]
[Round "1"]
[White "Garbe, Maximilian"]
[Black "Jenny, Gerald"]
[Result "0-1"]
[WhiteElo "1714"]
[BlackElo "1818"]
[PlyCount "56"]
[EventDate "2012.08.18"]
[EventType "swiss"]
[EventRounds "9"]
[EventCountry "GER"]
[SourceTitle "CBM 150 Extra"]
[Source "ChessBase"]
[SourceDate "2012.10.19"]
[SourceVersion "1"]
[SourceVersionDate "2012.10.19"]
[SourceQuality "1"]

1. e4 c5 2. Nf3 e6 3. d4 cxd4 4. Nxd4 a6 5. c4 Qc7 6. Nc3 Nf6 7. Qc2 b6 8. Bd3 Bb7 9. h3 d6 10. Be3 Nbd7 11. Nb3 Ne5 12. Qe2 Be7 13. f4 Nxd3+ 14. Qxd3 Qc6 15. Nd4 Qc7 16. Nb3 0-0 17. Nd2 Nd7 18. Na4 Qc6 19. b3 b5 20. cxb5 axb5 21. Nc3 Bh4+ 22. Bf2 Nc5 23. Qc2 Bxf2+ 24. Kxf2 d5 25. exd5 exd5 26. Nf3 d4 27. b4 Ne6 28. Rhc1 Rac8 0-1